[Event "SCC Championship"]
[Site "?"]
[Date "1991.09.06"]
[Round "1"]
[White "Kaufman, S."]
[Black "Bailey, B."]
[Result "1-0"]
[WhiteElo "1919"]
[BlackElo "1824"]
[Annotator "Stockfish 12 (15s)"]
[PlyCount "43"]

{D29: Queen's Gambit Accepted: Classical main line: 7 Qe2 with early ...Nbd7} 
1. d4 d5 2. c4 dxc4 3. Nf3 Nf6 4. e3 e6 5. Bxc4 c5 6. O-O a6 7. Qe2 b5 8. Bb3
Bb7 9. dxc5 Bxc5 10. Rd1 (10. Nc3 Nbd7 11. a3 Ne4 12. Nxe4 Bxe4 13. Rd1 Qc7 14.
Bd2 Be7 15. Bb4 Bxb4 16. axb4 Nf6 17. Nd4 {
1/2-1/2 (17) Chiburdanidze,M (2550)-Dlugy,M (2545) Brussels 1987}) (10. a4 Nbd7
11. Nbd2 O-O 12. Rd1 Qb6 13. Bc2 e5 14. Ng5 Qc6 15. Nge4 Kh8 16. axb5 axb5 17.
Rxa8 Bxa8 18. Bd3 Rb8 19. f3 Be7 20. Kh1 Nd5 21. Ng3 g6 22. Nb3 h5 23. h3 h4
24. Nf1 N7f6 {
Schwarzenberg,J (2185)-Krallmann,M (2250) Bielefeld 2005 1/2-1/2 (44)}) 10...
Qb6 $146 (10... Qc7 11. a4 b4 12. Nbd2 O-O 13. Bc4 Nbd7 14. b3 Ng4 15. Bb2 Nde5
16. Nxe5 Nxe5 17. Qh5 Nxc4 18. Nxc4 f6 19. Rac1 Rfd8 20. Qh3 Qe7 21. Na5 Rxd1+
22. Rxd1 Bd5 23. Qg4 Rd8 24. h3 Rf8 25. Bd4 {
Llorens Hofman,I-Adell Corts,F (2165) Cullera 1996 1-0 (40)}) 11. Nc3 (11. a4
O-O $11) 11... Nc6 (11... Nbd7 12. Bd2 $15) 12. a3 O-O 13. Ba2 Qc7 14. b4 Ba7
15. Bb2 Rad8 16. Rac1 Rxd1+ 17. Nxd1 Qe7 18. Ne5 Nxe5 19. Bxe5 Rc8 (19... Bb6
20. Nb2 $11) 20. Rxc8+ $11 Bxc8 21. Bb1 Nd7 $4 (21... Bb7 $142 $11) 22. Qc2 $18
(22. Qc2 Nf8 23. Qxc8 $18) 1-0

[Event "SCC Swiss"]
[Site "?"]
[Date "1991.11.08"]
[Round "1"]
[White "Bailey, B."]
[Black "Edwards, J."]
[Result "0-1"]
[WhiteElo "1851"]
[BlackElo "1711"]
[Annotator "Stockfish 12 (15s)"]
[PlyCount "42"]

{C46: 3 Nc3: Unusual Black 3rd moves} 1. e4 e5 2. Nf3 f5 3. Nc3 Nc6 4. d4 fxe4
5. Nxe5 Nf6 6. Bg5 Be7 $4 $146 (6... Bb4 7. Ng4 (7. Bc4 d5 (7... Qe7 8. f4 d6
9. O-O Bxc3 10. bxc3 dxe5 11. fxe5 Nxe5 12. dxe5 Qxe5 13. Bxf6 gxf6 14. Qd4
Qxd4+ 15. cxd4 f5 16. g4 Rf8 17. Rae1 Bd7 18. gxf5 Bxf5 19. Bd5 Kd7 20. Bxb7
Rae8 21. Re3 Rg8+ 22. Kf2 {
Teran Alvarez,I (2305)-Garcia Ramos,J (2205) Seville 1999 1/2-1/2 (45)}) 8.
Bxf6 Qxf6 9. Bxd5 Nxe5 10. dxe5 Qxe5 11. O-O c6 12. Bxe4 O-O 13. Qd3 Bd6 14. g3
Bc5 15. Rae1 Kh8 {
1/2-1/2 (15) Martin Gonzalez,A (2365)-Vera,R (2455) Malaga 1981}) (7. Bb5 O-O
8. a3 Bxc3+ 9. bxc3 Qe8 10. Nxc6 bxc6 11. Be2 Qg6 12. Qd2 d5 13. O-O e3 14.
Qxe3 Re8 15. Bd3 Ne4 16. Bf4 Bf5 17. Be5 Re6 18. f3 Nd6 19. Qd2 Rf8 20. Rae1
Re7 21. Bg3 Ref7 {Kvicala,J-Marshall,F Prague 1908 0-1 (50)}) 7... O-O 8. d5
Ne7 9. Nxf6+ gxf6 10. Bh6 Rf7 11. d6 cxd6 12. Qg4+ Kh8 13. Qxe4 Qa5 14. O-O-O
Bxc3 15. bxc3 d5 16. Qb4 b6 17. Qxa5 bxa5 18. Bb5 Nf5 19. Bf4 Bb7 20. Rhe1 Rc8
21. Be2 {Paniagua Garcia,J-Moreno Ruiz,J (2325) Vilanova 1993 1-0 (31)}) (6...
d5 7. Bxf6 Qxf6 8. Nxd5 Qd6 9. Nxc6 Qxd5 10. Ne5 Be6 11. Bc4 Qa5+ 12. c3 Bxc4
13. Nxc4 Qd5 14. Ne3 Qg5 15. Qg4 Qxg4 16. Nxg4 Bd6 17. O-O O-O-O 18. Rfe1 Rde8
19. Re2 h5 20. Ne3 Rhf8 21. Rae1 {Hall,D-Tew,P Monmouth 2004 1-0 (36)}) (6...
Bb4 $142 7. Bc4 d5 8. Bxf6 Qxf6 9. Bxd5 Nxe5 10. dxe5 Qxe5 $16) 7. Bc4 $18 Nxe5
(7... d5 8. Bxf6 Bxf6 9. Bxd5 Nxe5 10. dxe5 Be7 11. Qh5+ g6 $18) 8. dxe5 Ng4 (
8... c6 9. exf6 Bxf6 10. Bxf6 Qxf6 11. Nxe4 $18) 9. Qxg4 d5 10. Bxe7 (10. Qh5+
$142 $5 g6 11. Qh6 c6 12. Bxe7 Qxe7 $18) 10... Qxe7 11. Qe2 (11. Qg3 $142 dxc4
12. Nd5 Qf7 $18) 11... dxc4 12. Qxe4 Qb4 (12... O-O 13. O-O $18) 13. O-O-O O-O
14. Qd5+ (14. e6 $5 Qe7 15. Rhe1 Qxe6 16. Qxe6+ Bxe6 17. Rxe6 Rxf2 $18) 14...
Kh8 15. e6 Re8 16. Rhe1 Qe7 17. Qxc4 (17. Rd2 $5 Bxe6 18. Qxb7 Qf8 19. Qxc7 Bg8
$18) 17... Bxe6 18. Qf4 Rf8 (18... c6 $18) 19. Qe5 Rae8 (19... Rxf2 20. Qxe6
Qxe6 21. Rxe6 Rxg2 22. h3 $18) 20. Nd5 Bxd5 21. Rxd5 (21. Qxe7 $142 Rxe7 22.
Rxe7 $18) 21... Qf7 $19 0-1

[Event "SCC Swiss"]
[Site "?"]
[Date "1991.11.15"]
[Round "2"]
[White "Oshiro, M."]
[Black "Bailey, B."]
[Result "1-0"]
[WhiteElo "2002"]
[BlackElo "1851"]
[Annotator "Stockfish 12 (15s)"]
[PlyCount "37"]

{D24: Queen's Gambit Accepted: 3 Nf3 Nf6 4 Nc3} 1. d4 d5 2. c4 dxc4 3. Nf3 Nf6
4. Nc3 e6 5. e4 c5 6. d5 exd5 7. e5 Ne4 8. Nxd5 Qa5+ (8... b5 9. b3 Qa5+ 10.
Nd2 Be6 11. bxc4 Nd7 12. Qf3 Bxd5 13. cxd5 Qc3 14. e6 Ndf6 15. Bxb5+ Ke7 16.
O-O Qxf3 17. Nxf3 fxe6 18. dxe6 Nd6 19. Ba4 Kxe6 20. Re1+ Kf5 21. Bc2+ {
1-0 (21) Beliavsky,A (2599)-Borisek,J (2509) Portoroz 2005}) 9. Bd2 (9. Nd2 Nc6
10. Bxc4 Be6 11. O-O Nxd2 12. Bxd2 Qd8 13. Qb3 Qd7 14. Bc3 O-O-O 15. Rad1 Bxd5
16. Rxd5 Qc7 17. Rxd8+ Nxd8 18. Rd1 h5 19. Bxf7 {
1-0 (19) Sulava,N (2497)-Giertz,N (2282) Basel 2006}) 9... Nxd2 10. Nxd2 $146 (
10. Qxd2 Qxd2+ 11. Kxd2 (11. Nxd2 Na6 12. Nxc4 Be6 13. Nf4 O-O-O 14. Nxe6 fxe6
15. Be2 Be7 16. O-O Nc7 17. Rac1 Kb8 18. Rfd1 Nb5 19. Bg4 Nd4 20. Kf1 b6 21.
Rc3 Rhf8 22. g3 g5 23. Ne3 h5 24. Bxh5 Rh8 25. g4 Nc6 {
Minet,S (2121)-Moutaux,R (1980) France 2003 1/2-1/2 (40)} 26. Rxd8+ Rxd8 27.
Bf7 Nxe5 28. Bxe6 Rd2 29. Rc2 Rxc2 30. Nxc2 Nd3 31. b3 Nb4 32. Nxb4 cxb4 33.
Ke2 Kc7 34. Ke3 Kd6 35. Bc4 Ke5 36. f3 Bc5+ 37. Kd3 Bg1 38. h3 Kf4 39. Bd5 Bf2
40. Kc4 Bc5 {Mourot,F (2057)-Bouton,C (2165) France 2003 1/2-1/2 (40)}) 11...
Na6 12. Bxc4 Be6 13. Rhd1 O-O-O 14. Ke1 Nc7 15. Ne3 Be7 16. Bxe6+ fxe6 17. a4
Nd5 18. Nc4 g5 19. Kf1 Rhf8 20. Rac1 g4 21. Ne1 Bg5 22. Rc2 Kb8 23. Rd3 Rd7 24.
Rb3 Nb4 {Pedro,F (2301)-Mazziotti Irigoyen,G (2162) Argentina 2003 1-0 (56)}) (
10. Qxd2 $142 Qxd2+ 11. Nxd2 $16) 10... b5 $4 (10... Be6 $142 11. Bxc4 Nc6 $11)
11. a4 $18 Bb7 (11... Qd8 12. Nc3 Nc6 13. axb5 Nd4 14. Bxc4 Be7 $18) 12. axb5
Qxa1 (12... Qd8 13. Ne3 Be7 14. Ndxc4 O-O $18) 13. Qxa1 Bxd5 14. Bxc4 Bxc4 15.
Nxc4 Nd7 16. O-O (16. b6 $142 $5 Be7 17. bxa7 O-O $18) 16... Be7 17. b6 $1 O-O
(17... axb6 18. Qxa8+ {Deflection Pinning}) (17... Nxb6 18. Nxb6 axb6 19. Qxa8+
{Remove defender Deflection Pinning}) 18. b7 Rab8 19. Qxa7 1-0

[Event "SCC Championship"]
[Site "?"]
[Date "1992.01.03"]
[Round "1"]
[White "Nightengale, J."]
[Black "Bailey, B."]
[Result "0-1"]
[WhiteElo "1248"]
[BlackElo "1839"]
[Annotator "Stockfish 14 (15s)"]
[PlyCount "58"]

{A08: King's Indian Attack} 1. Nf3 d5 2. g3 Nf6 3. Bg2 g6 4. d3 Bg7 5. O-O O-O
6. Nbd2 c5 7. c3 Nc6 8. Re1 (8. Qc2 e5 9. e3 h6 10. Nb3 b6 11. Bd2 Ba6 12. Rfe1
e4 13. dxe4 dxe4 14. Nh4 Bd3 15. Qd1 Qd7 16. Bf1 Ne5 17. Bxd3 Nxd3 18. Re2 Nxb2
19. Qc2 Nd3 20. f4 Nd5 21. a3 Qa4 22. Ra2 Qc4 {
Jina,L (1895)-Durchan,M (1700) Klatovy 2005 1/2-1/2}) 8... e5 (8... d4 9. cxd4
cxd4 10. b3 Nd5 11. Bb2 Nc3 12. Qc1 Bf5 13. Nc4 Rc8 14. a4 b6 15. Qf4 a6 16. g4
Be6 17. h4 b5 18. axb5 axb5 19. Ncd2 Nb4 20. Rac1 Nxe2+ 21. Rxe2 Nxd3 22. Rxc8
Nxf4 {0-1 (22) Niebergall,G (2110)-Kovalev,A (2495) Meisdorf 1996}) 9. c4 d4
10. e4 $146 (10. Nf1 h6 11. a3 e4 12. dxe4 Nxe4 13. N3d2 Nxd2 14. Nxd2 Be6 15.
Qc2 Qd7 16. Ne4 b6 17. Bf4 Rad8 18. Bxh6 d3 19. exd3 Nd4 20. Qd1 Bg4 21. Bxg7
Kxg7 22. f3 Bh3 23. b4 Rh8 24. Bh1 f5 {Trueman,F-Greenberg,H Winnipeg 1999 0-1}
) (10. b4 $142 $5 cxb4 11. a3 $17) 10... dxe3 11. Rxe3 Ng4 12. Re1 Qxd3 (12...
Nb4 13. Bf1 Nxd3 14. Bxd3 Qxd3 15. h3 $19) 13. Bf1 $2 (13. h3 $142 Nh6 14. Ne4
Qxc4 15. b3 $15) 13... Qd8 (13... Qd6 $142 14. Ne4 Qxd1 15. Rxd1 Nf6 16. Nxf6+
Bxf6 $19) 14. Qc2 $4 (14. h3 $142 Nh6 15. Ne4 $19) 14... Bf5 (14... f5 15. h3
Nh6 16. Nb3 $19) 15. Ne4 Nf6 (15... h6 $142 16. Nh4 Bxe4 17. Qxe4 $19) 16. Bg5
Nd4 (16... Bxe4 $142 17. Rxe4 Qc7 $19) 17. Qc3 $4 (17. Nxd4 $142 cxd4 18. Bd3
Bxe4 19. Bxe4 $19) 17... Nxf3+ (17... Nxe4 18. Bxd8 Nxc3 $19 (18... Raxd8 $6
19. Qa3 Nc2 20. Qxa7 $11)) 18. Qxf3 $17 Qb6 (18... Bxe4 $142 19. Rxe4 h6 20.
Bxf6 Qxf6 21. Qxf6 Bxf6 $15) 19. b3 $4 (19. Nxf6+ $142 Bxf6 20. Bxf6 Qxf6 21.
Bd3 $11) 19... Nxe4 $19 20. Rxe4 Bxe4 (20... h6 21. Be3 Rad8 22. Bg2 Bxe4 23.
Qxe4 $19) 21. Qxe4 h6 (21... f5 $142 $5 22. Qd5+ Rf7 23. Rd1 $19) 22. Be3 Qc7
23. Rb1 (23. Bg2 Rab8 $19) 23... Rfd8 (23... b6 24. b4 cxb4 25. Rxb4 $19) 24.
b4 (24. Bg2 Rd7 25. Qc2 Kh7 $19) 24... cxb4 25. Rxb4 b6 (25... Qc6 26. Qc2 b6
27. Bg2 $19) 26. a4 (26. c5 Rab8 27. cxb6 axb6 $19) 26... Rac8 (26... f5 $142
$5 27. Qc2 $19) 27. a5 (27. c5 bxc5 28. Rb7 Qd6 29. Rxa7 Qb8 $19) 27... Qd6 28.
axb6 (28. Rb5 f5 29. Qf3 bxa5 30. Rxa5 $19) 28... Qxb4 29. Qb7 (29. bxa7 f5 30.
Qc2 Ra8 $19) 29... axb6 (29... axb6 30. Kg2 Ra8 $19) 0-1

[Event "SCC Championship"]
[Site "?"]
[Date "1992.01.23"]
[Round "2"]
[White "Bailey, B."]
[Black "McQuitty, M."]
[Result "1-0"]
[WhiteElo "1839"]
[BlackElo "1667"]
[Annotator "Stockfish 14 (15s)"]
[PlyCount "109"]

{B06: Modern Defence} 1. e4 g6 2. d4 Bg7 3. Nf3 d6 4. h3 c5 5. Bb5+ Bd7 6.
Bxd7+ Nxd7 7. O-O cxd4 8. Nxd4 Ngf6 9. Re1 O-O 10. Nc3 $146 (10. c3 Nc5 11. e5
dxe5 12. Rxe5 Nfe4 13. Rxe4 Nxe4 14. Qg4 f5 15. Qh4 e5 {
0-1 (15) Gonzalez,E-Smink,P San Luis 2006}) 10... Ne5 (10... Re8 11. a4 $15)
11. b3 (11. Nd5 Nxd5 12. exd5 Re8 $11) 11... Rc8 (11... e6 12. Na4 $11) 12. Bb2
(12. Nd5 $142 $11) 12... g5 $4 (12... a6 $142 $5 $15) 13. Nd5 $4 (13. Nf5 $142
Ne8 14. Nd5 $18) 13... e6 $14 14. Nxf6+ Qxf6 15. Rb1 Qf4 (15... Qg6 $5 $11) 16.
c4 Qh4 17. Nf3 (17. Re3 $5 $16) 17... Nxf3+ $14 18. Qxf3 e5 $4 (18... Qf4 $142
19. Qd1 Bxb2 20. Rxb2 Rfd8 $16) 19. Qf5 (19. Rbd1 $142 Rfd8 $18) 19... Rce8 (
19... Qf4 20. Qd7 Rb8 $18) 20. Bc1 h6 21. Qg4 (21. g3 $142 Qh5 22. h4 $18)
21... Qxg4 22. hxg4 Re6 (22... Rc8 23. Rd1 Rc6 24. Be3 $16) 23. Rd1 Kh7 $2 (
23... Rc8 $18) 24. Ba3 Rd8 25. Rd3 (25. c5 $142 $5 Kg6 26. cxd6 Bf8 $18) 25...
b6 (25... Bf8 26. Rbd1 Re7 27. Bb2 $18 (27. Bxd6 $6 Red7 28. c5 Kg6 $14) (27.
Rxd6 $6 Rxd6 28. Bxd6 Rd7 $11)) 26. Rbd1 (26. c5 bxc5 27. Bxc5 a6 $18) 26...
Bf8 27. Kf1 Kg6 (27... Re7 28. Bb2 (28. Bxd6 Red7 29. Bxf8 Rxd3 30. Rxd3 Rxd3
$19) 28... Re6 29. Rd5 $18) 28. Ke2 h5 (28... Kf6 29. Rd5 Be7 30. Bb4 $18) 29.
gxh5+ Kxh5 30. Rh3+ Kg6 31. g4 (31. Rh8 Kg7 32. Rdh1 Rc8 33. R1h7+ Kg6 $18)
31... Rf6 $2 (31... Rc8 32. Bb4 $18) 32. Rh5 (32. Rh8 Kg7 33. Rdh1 Re6 34.
R1h7+ Kg6 $18) 32... Rf4 (32... Re6 $18) 33. f3 f5 (33... Rf6 34. Bc1 Bh6 $18)
34. Bc1 (34. exf5+ $142 Kf6 35. Bc1 $18) 34... fxg4 $11 35. Bxf4 Kxh5 36. Bxe5
gxf3+ 37. Kxf3 g4+ 38. Kg3 Be7 $2 (38... Re8 $142 $5 39. Bf4 Rxe4 40. Rd5+ Kg6
41. Kxg4 Kf7 $11) 39. Rh1+ $16 Kg6 40. Bf4 Bg5 $4 (40... Rf8 $142 $16) 41. Kxg4
$18 Bxf4 (41... Be7 42. Rh6+ Kg7 43. Re6 $18) 42. Kxf4 Rf8+ 43. Ke3 Rf7 44. Rd1
Rf6 45. Rd2 Kf7 (45... Re6 46. Rf2 Re5 $18) 46. Rf2 Rxf2 47. Kxf2 Kf6 48. Kf3
Ke5 49. Ke3 a6 50. a3 b5 51. cxb5 axb5 (51... a5 52. b6 Kf6 53. b7 a4 54. bxa4
d5 55. b8=Q Ke6 56. Qd8 d4+ 57. Kxd4 Kf7 58. a5 Kg6 59. a4 Kg7 60. a6 Kg6 61.
a7 Kg7 62. a8=Q Kg6 63. e5 Kf5 64. a5 Ke6 65. a6 Kf5 66. a7 Ke6 67. Qd7+ Kxd7
68. e6+ Kxe6 69. Qf8 Kd7 70. a8=Q Kc7 71. Qfd8#) 52. a4 bxa4 53. bxa4 d5 54. a5
dxe4 55. a6 1-0

[Event "SCC Championship"]
[Site "?"]
[Date "1992.01.31"]
[Round "3"]
[White "Fulgham, N."]
[Black "Bailey, B."]
[Result "1/2-1/2"]
[WhiteElo "2064"]
[BlackElo "1812"]
[Annotator "Stockfish 14 (15s)"]
[PlyCount "49"]

{D26: Queen's Gambit Accepted: 4 e3 e6 5 Bxc5 c5 sidelines} 1. d4 d5 2. c4 dxc4
3. Nc3 Nf6 4. e3 e6 5. Bxc4 c5 6. Nf3 Nc6 7. O-O Be7 8. a3 O-O 9. dxc5 Bxc5 (
9... Qxd1 10. Rxd1 Bxc5 11. b4 Be7 12. Bb2 a6 13. b5 Na5 14. Be2 Nb3 15. Rab1
Nc5 16. Ne5 Bd7 17. a4 Rfd8 18. Ba3 axb5 {
1/2-1/2 (18) Kalinin,O (2354)-Bogdanovich,S (2190) Illichevsk 2006}) 10. Qe2 (
10. b4 Bd6 11. Bb2 Qe7 12. Nb5 Bb8 13. Nbd4 Bd7 14. Rc1 Rd8 15. Qe2 e5 16. Nxc6
Bxc6 17. Ng5 Be8 18. Qf3 h6 19. Ne4 Nxe4 20. Qxe4 Bc6 21. Qf5 Bd7 22. Qe4 Bc6
23. Qg4 Bc7 24. b5 Bd5 {Dreev,A (2683)-Adla,D (2498) ICC INT 2002 1/2-1/2 (51)}
) 10... a6 $146 (10... Bd7 11. b4 Be7 12. Bb2 Rc8 13. Rfd1 Qb6 14. Rac1 Rfd8
15. Na4 Qc7 16. b5 Na5 17. Bxe6 Bxe6 18. Rxc7 Rxd1+ 19. Qxd1 Rxc7 {
1-0 (19) Marshall,F-Janowski,D Biarritz 1912}) (10... e5 11. b4 Bd6 12. Ng5 Bf5
13. Rd1 Qe7 14. f3 h6 15. Nge4 Rfd8 16. Nd5 Nxd5 17. Bxd5 a6 18. Bb2 Bc7 19.
Rac1 Bb6 20. Nc5 Rac8 21. Kh1 Bxc5 22. Rxc5 Be6 23. Bxc6 Rxd1+ 24. Qxd1 Rxc6
25. Rxc6 {Graf,A (2575)-Koumanis,S Ikaria 1994 1/2-1/2 (119)}) 11. b4 Bd6 12.
Rd1 Qe7 13. e4 (13. Bb2 $5 $14) 13... Ne5 $11 14. Bg5 Nxf3+ (14... b5 15. Bd5
Ra7 16. Bb3 $11) 15. Qxf3 (15. gxf3 $143 h6 16. Bxf6 Qxf6 (16... gxf6 $4 17.
Qd2 Rd8 18. Qxh6 $18) 17. Rxd6 Qxc3 $15) 15... Be5 16. Rac1 b5 17. Bd3 Bb7 18.
Bb1 (18. Bf4 Bxf4 19. Qxf4 Rac8 $11) 18... Rac8 (18... Rfd8 19. Bf4 Bxc3 20.
Qxc3 Nxe4 21. Rxd8+ Rxd8 22. Bxe4 Bxe4 23. h3 $15) 19. Ne2 (19. Bf4 Bxf4 20.
Qxf4 Rfd8 $11) 19... Rxc1 $15 20. Nxc1 Rd8 21. Nd3 Rd6 $4 (21... h6 22. Bxf6
Bxf6 23. Nc5 $15) 22. Bxf6 (22. Nxe5 $142 Rxd1+ 23. Qxd1 $18) 22... Bxf6 $15
23. Bc2 (23. Nc5 Bd4 24. Nxb7 Qxb7 $17) 23... Qc7 (23... Bd4 $142 $5 $17) 24.
Nc5 $15 Bd4 (24... Bc8 25. Rxd6 Qxd6 26. Qd3 Qxd3 27. Nxd3 $15) 25. Nxb7 $11
1/2-1/2

[Event "SCC Championship"]
[Site "?"]
[Date "1992.02.06"]
[Round "4"]
[White "Marshall, D."]
[Black "Bailey, B."]
[Result "1-0"]
[WhiteElo "2138"]
[BlackElo "1821"]
[Annotator "Stockfish 14 (15s)"]
[PlyCount "31"]

{C30: King's Gambit Declined} 1. e4 e5 2. Nc3 Nf6 3. f4 d6 4. Nf3 Nc6 5. Bb5
Bg4 6. O-O Be7 7. h3 Bxf3 8. Qxf3 O-O 9. Bxc6 bxc6 10. fxe5 dxe5 11. d3 Bc5+ (
11... Rb8 12. Qg3 Qd6 13. Rf5 Nd7 14. Ne2 c5 15. b3 Rfe8 16. Bb2 f6 17. Raf1
Nf8 18. Bc1 Ng6 19. h4 Kh8 20. h5 Nf8 21. Kh1 Ne6 22. Nc3 Nd4 23. R5f2 c6 24.
Na4 Nb5 25. Be3 Nd4 26. Nb2 {
Crotti,L (1865)-Rueda,R (1700) Posadas 2003 1-0 (68)}) 12. Kh1 Qd6 13. Ne2 $146
(13. Nd1 Nd7 14. Ne3 Qg6 15. Nc4 Rae8 16. Bd2 Re6 17. Qf5 Qg3 18. Rf3 Qg6 19.
b4 Be7 20. Bc3 Bd6 21. Na5 c5 22. b5 Rf6 23. Qxd7 Rxf3 24. gxf3 f5 25. Rg1 Qh6
26. Kh2 Qf4+ 27. Rg3 Rf7 {
Marti Puig,P-Saenz Francia,A Oropesa del Mar 2001 1-0 (38)}) 13... Nd7 (13...
Ne8 $5 $16) 14. Ng3 $18 f6 $4 (14... Kh8 $142 $18) 15. Nf5 Qe6 16. Qg4 (16. Qg4
Kf7 17. Qxg7+ Ke8 18. Qxh7 $18) 1-0

[Event "SCC Round Robin"]
[Site "?"]
[Date "1992.04.17"]
[Round "1"]
[White "Bailey, B."]
[Black "Staley, G."]
[Result "1-0"]
[WhiteElo "1827"]
[BlackElo "1876"]
[Annotator "Stockfish 12 (15s)"]
[PlyCount "74"]

{B68: Sicilian: Richter-Rauzer: 7...a6 8 0-0-0 Bd7 9 f4 Be7} 1. e4 c5 2. Nf3
Nc6 3. d4 cxd4 4. Nxd4 Nf6 5. Nc3 d6 6. Be2 e6 7. Bg5 Be7 8. Qd2 a6 9. O-O-O
Qc7 10. f4 Bd7 11. Bxf6 (11. g4 O-O-O 12. Nxc6 Bxc6 13. Bf3 h6 14. Bxf6 Bxf6
15. Qe3 g5 16. f5 Qa5 17. Rd3 Be5 18. Kb1 Qc5 19. Qe2 Kc7 20. Rhd1 b5 21. a3 b4
22. Na2 bxa3 23. Rxa3 Rb8 24. Rb3 Ba4 25. Rc1 Kd7 {
Pandavos,E (2310)-Pelts,R (2450) Thessaloniki 1984 0-1 (40)}) 11... Bxf6 (11...
gxf6 12. f5 O-O-O 13. Bg4 Nxd4 14. Qxd4 Kb8 15. Rhf1 Rc8 16. Kb1 h5 17. Bh3
Rhg8 18. Qd2 Rg5 19. Ne2 Qd8 20. Nf4 Qg8 21. Qe3 Rc5 22. Nd3 Rc7 23. Nf4 Qc8
24. Rd2 Rc5 25. Nd3 Rc4 26. Nf4 {
Lanneau,B (2173)-Dziuba,M (2416) Cappelle la Grande 2005 0-1}) 12. Ndb5 $4 $146
(12. Nxc6 Bxc6 13. Qxd6 (13. Bf3 O-O-O 14. Kb1 Qb6 15. Rhe1 Rd7 16. Qe3 Qb4 17.
a3 Qa5 18. e5 Bxf3 19. gxf3 dxe5 20. fxe5 Rxd1+ 21. Nxd1 Be7 {
1/2-1/2 (21) Constantinou,A-Riza,C Cyprus 1998}) 13... Qxd6 14. Rxd6 Bxc3 15.
bxc3 Bxe4 16. Rd4 Bc6 17. Rhd1 Ke7 18. g3 Rhd8 19. R1d3 Rac8 20. Bf3 Bxf3 21.
Rxf3 f6 22. Rfd3 h5 23. Re3 Rd6 24. Kd2 g6 25. Red3 Rcc6 26. Rb4 b6 {
Gilbert-Vasquez,J (2275) Siegen 1970 0-1 (49)}) (12. Nf3 $142 Be7 13. Kb1 $11)
12... axb5 $19 13. Nxb5 Qb8 14. Nxd6+ Kf8 15. e5 $2 (15. Kb1 Be7 16. Nb5 Be8
$19) 15... Be7 (15... Rxa2 $142 16. Qe3 Be7 $19) 16. Kb1 Bxd6 17. exd6 b5 (
17... Qa7 $5 18. a3 Qb6 19. Qc3 $19) 18. Bf3 Ra6 19. Qe2 $2 (19. Rhe1 $142 h5
20. Re3 $19) 19... Qb6 (19... Qa7 $142 20. a3 Nd4 21. Qe4 Nxf3 22. Qxf3 $19)
20. f5 (20. c3 h5 $1 21. Rhe1 $19) 20... Nd4 21. Qe4 Nxf5 22. Rhf1 (22. Rd3 Ra4
23. b4 Nxd6 $19) 22... Nxd6 (22... Ne3 $142 23. Rg1 Nxd1 24. Rxd1 $19) 23. Qf4
(23. Qb4 Qc7 24. Bb7 Rb6 $19) 23... Be8 (23... f6 24. Be2 Qc5 25. a3 $19) 24.
Bh5 (24. Qb4 f6 $19) 24... g6 (24... Qc5 25. a3 Rc6 26. c3 $19) 25. Be2 Nf5 26.
Rd3 (26. Qe5 Rg8 27. Rf3 h5 $19) 26... Kg7 (26... Qc5 $142 $19) 27. g4 Ra4 28.
b4 Ne7 (28... e5 $142 29. Qxe5+ f6 $19) 29. Qf6+ $18 Kg8 (29... Kf8 30. Qxh8+
Ng8 31. a3 $18) 30. Qxe7 Ra8 31. Rd7 Qa6 32. Rxf7 Qxa2+ 33. Kc1 Qa3+ (33...
Qa1+ 34. Kd2 Bxd7 $18) 34. Kd2 Qxb4+ 35. Qxb4 Bxf7 36. Bxb5 (36. Qe7 $142 Rf8
37. Bxb5 $18) 36... Kg7 37. Qd4+ Kh6 (37... Kg8 38. Qf6 Rf8 39. Bc4 h5 40. Rxf7
Rxf7 41. Qxe6 Kg7 42. Qxf7+ Kh6 43. Bd3 Kg5 44. Qe7+ Kxg4 45. Qe4+ Kg5 46.
Qxg6+ Kf4 47. Qg3#) 1-0

[Event "SCC Round Robin"]
[Site "?"]
[Date "1992.05.01"]
[Round "2"]
[White "Baxter, B."]
[Black "Bailey, B."]
[Result "1-0"]
[WhiteElo "1802"]
[BlackElo "1827"]
[Annotator "Stockfish 12 (15s)"]
[PlyCount "77"]

{A01: Nimzowitsch-Larsen Opening} 1. b3 d5 2. Bb2 Nf6 3. e3 Nc6 4. Bb5 a6 (4...
Bg4 5. f3 Bd7 6. f4 Ne4 7. Nf3 e6 8. O-O f6 9. Nc3 Nxc3 10. Bxc3 Bc5 11. d4 Bd6
12. Bd3 Qe7 13. Bb2 O-O-O 14. c4 Ba3 15. Bxa3 Qxa3 16. Rf2 Qe7 17. Rb1 g5 18.
b4 gxf4 19. exf4 {
Bellon Lopez,J (2425)-Hagberg,M (2203) Stockholm 2004 1-0 (52)}) (4... Bd7 5.
Nf3 a6 6. Bxc6 Bxc6 7. d4 e6 8. O-O Bd6 9. Nbd2 b5 10. Ne5 Bb7 11. Ndf3 Rc8 12.
Qe2 c5 13. c4 bxc4 14. bxc4 cxd4 15. Bxd4 dxc4 16. Nxc4 Bb8 17. Bb6 Qd5 18.
Rac1 O-O 19. Rfd1 {Rades,A (1296)-Becker,C (1593) Duisburg 2005 1-0 (66)}) 5.
Bxc6+ bxc6 6. f4 e6 $146 (6... Bg4 7. Nf3 e6 8. O-O Bc5 9. Qe1 Bxf3 10. Rxf3
Rg8 11. d3 Ng4 12. h3 Nh6 13. Nd2 g5 14. d4 Bd6 15. c4 gxf4 16. exf4 Qf6 17.
Rc1 Kd7 18. c5 Be7 19. Qf1 Nf5 20. g4 h5 21. g5 {
Oria Blasco,A-Garrido Moreno,A Gijon 2000 0-1 (42)}) (6... a5 7. Nf3 $11) 7.
Nf3 $14 Bd6 8. O-O O-O 9. d3 Qe7 (9... Nd7 10. Ne5 Bxe5 11. fxe5 $14 (11. Bxe5
$143 Nxe5 12. fxe5 Qg5 $15)) 10. Ne5 Bb7 (10... c5 11. Nd2 $14) 11. Nd2 (11.
Rf3 c5 12. Rh3 d4 $16) 11... c5 12. Ng4 (12. Qe2 Nd7 $11) 12... Nxg4 13. Qxg4
f6 14. Nf3 (14. a4 a5 $11) 14... Rae8 (14... a5 15. a4 $17) 15. Rae1 Bc8 (15...
c4 16. bxc4 dxc4 17. Nd2 cxd3 18. cxd3 $15) 16. Qh4 (16. Nd2 a5 $11) 16... e5 (
16... c4 $5 17. dxc4 dxc4 $15) 17. fxe5 $11 fxe5 18. Qxe7 Rxe7 19. e4 dxe4 20.
Rxe4 {The pressure on the isolated pawn grows} Bb7 21. Re2 e4 22. Nd2 exd3 23.
Rxe7 Bxe7 24. Rxf8+ Kxf8 25. cxd3 Kf7 26. Kf2 g6 27. Ne4 Ke6 28. Ke3 Kf5 29. h3
h5 30. g3 g5 31. g4+ hxg4 32. Ng3+ Ke6 33. hxg4 Bf6 (33... Bd6 $142 34. Ne4 Be7
$11) 34. Bxf6 $18 Kxf6 35. Ne4+ Bxe4 $4 (35... Kg6 $142 $16) 36. Kxe4 $18 (36.
dxe4 $6 Ke5 $11) 36... c6 37. d4 cxd4 38. Kxd4 Ke6 39. b4 1-0